| 000 | 00435nam a2200193Ia 4500 | ||
|---|---|---|---|
| 003 | OSt | ||
| 005 | 20251125124958.0 | ||
| 008 | 250729s1971 xx 000 0 und d | ||
| 020 | _a978-9382616597 | ||
| 040 | _cAL | ||
| 041 | _aeng | ||
| 082 | _a823 MITG | ||
| 100 |
_aMitchell Margaret _9224807 |
||
| 245 | _aGone with the wind | ||
| 260 |
_aLondon _c1971 |
||
| 300 | _a1010p | ||
| 650 |
_aFiction _9224808 |
||
| 942 |
_2ddc _cBED |
||
| 999 |
_c236598 _d236598 |
||